| 000 | 00396cam a22001217a 4500 | ||
|---|---|---|---|
| 008 | 180718b1962 xxu||||| |||| 00| 0 eng d | ||
| 082 | _aB7303mx5444 MYS | ||
| 245 |
_aMysore municipalities act, 1962 _cby Laws, Statues, etc |
||
| 260 |
_aBangalore _bDirector Of Printing _c1962 |
||
| 300 | _a256p | ||
| 650 | _aMunicipal Government- India- Mysore - Legislation | ||
| 700 | _aMysore. Laws, Statues, etc | ||
| 999 |
_c417051 _d417051 |
||